000 00379nam a2200145Ia 4500
008 230917s9999||||xx |||||||||||||| ||und||
040 _e128658
_aMAIN
041 _aEnglish
082 _a820.09 W21C
100 _aWard, A W
245 0 _aCambridge history of English literature. V15
260 _aCambridge
_bCambridge University Press
_c1963
300 _av. p.
942 _cBK
999 _c107724
_d107724